000 00313nam a22001337a 4500
020 _qHB.
040 _cFIZZA ISHAQ
082 _a343.4107
_bJER
100 _aHACKETT, JERERY.
_986701
245 _aCONSTRUCTION CLAIMS /
_cJERERY HACKETT.
260 _bROUTLEDGE,
_c2000.
300 _a313 P. ;
942 _2ddc
_cBK
999 _c587408
_d587408